ბათუმის შოთა რუსთაველის სახელმწიფო უნივერსიტეტის ბიბლიოთეკა

ლათინური ენა იურისტებისათვის (ბიბ.ჩანაწერი № 51132)

000 -LEADER
fixed length control field 01240nam a2200229Ia 4500
001 - CONTROL NUMBER
control field 18089
003 - CONTROL NUMBER IDENTIFIER
control field GE_BSU
008 - FIXED-LENGTH DATA ELEMENTS--GENERAL INFORMATION
fixed length control field 181216s||||||||xx |||||||||||||| ||und||
040 ## - CATALOGING SOURCE
Transcribing agency GE_BSU
100 ## - MAIN ENTRY--PERSONAL NAME
Personal name ტრაპაიძე, ადა. ქურიძე,დალი
245 ## - TITLE STATEMENT
Title ლათინური ენა იურისტებისათვის
245 ## - TITLE STATEMENT
Statement of responsibility, etc. რედ.: იამზე გაგუა
250 ## - EDITION STATEMENT
Edition statement მე-2 შესწ. გამოც. ივანე ჯავახიშვილის სახ. თბილ. სახ. უნ-ტი. კლასიკური ფილოლოგიის, ბიზანტინისტიკისა და ნეოგრეცისტიკის ინ-ტი
260 ## - PUBLICATION, DISTRIBUTION, ETC.
Place of publication, distribution, etc. თბილისი
260 ## - PUBLICATION, DISTRIBUTION, ETC.
Name of publisher, distributor, etc. ლოგოსი
260 ## - PUBLICATION, DISTRIBUTION, ETC.
Date of publication, distribution, etc. 2004
300 ## - PHYSICAL DESCRIPTION
Extent 319გვ. ; 20სმ.ცხრ.
520 ## - SUMMARY, ETC.
Summary, etc. (პროგრამა "ლოგოსი". პუბლ. და ღონისძ. კლასიკ. ფილოლ., ბიზანტ. და ნეოგრეც. სფეროში)
653 ## - INDEX TERM--UNCONTROLLED
Uncontrolled term ლათინური ენა იურისტებისათვის
942 ## - ADDED ENTRY ELEMENTS (KOHA)
Koha item type წიგნი
ეგზემპლარები
Withdrawn status Lost status Damaged status Not for loan Date acquired Barcode Date last seen Price effective from Koha item type
        2018-12-17 46150 2018-12-17 2018-12-17 წიგნი